000 00471nam a2200181Ia 4500
003 OSt
005 20260116094000.0
008 210210b1946 xxu||||| |||| 00| 0 eng d
040 _cAL
041 _aKannada
082 _a859/864
100 _aDHANVANTA
_9145073
_dಧನ್ವಂತ
245 _aJnanaprabha:
_bಜ್ಞಾನಪ್ರಭ
260 _aBengaluru
_bH N Rao Brothers
_c1946
690 _aKannada Fiction
_9145074
906 _a021624
942 _2ddc
_cBK
999 _c145720
_d145720